01606nam a2200361 a 4500001001000000003000500010005001700015008004100032010001100073011001100084040000900095090001000104100003900114245020900153260004100362500006000403502007100463590004000534590004000574590004000614650002900654650003900683650003300722650006400755700004700819856007000866901000700936942001000943942000600953999001900959952013100978952013501109000113645CHAP20220329144406.0170904s2017 mx a fsm |||||||spa d a110106 a111078 cCHAP aTesis1 aCortés Briones, Cristina913313610aProgama para el cálculo de eficiencia térmica, grados días de desarrollo, evapotranspiración y balance hídrico /h[En línea]cpor Cristina Cortés Briones y Justo Reinaldo Manríquez Vargas. aChapingo, Méx. :bEl autor,c2017. aPara ver el contenido del material haga clic en la liga aTesis (Ing. de Irrigación) -- UACH. Departamento de Irrigación aE6096MTMb05c20170904lUCH01h1003 aE6096MTMb05c20170904lUCH01h1004 aE6096MTMb05c20170905lUCH01h091114aBalance hídrico.9960214aCultivosxEfecto del clima.93025614aEvapotranspiración.93896814aProcesamiento automático de datos en irrigación.9917961 aManríquez Vargas, Justo Reynaldo9133137 aFinding aiduhttp://10.13.5.2/tesis/sist113645.pdfzTeclea aquí aBK cTESIS n0 c110106d110106 00104054718TESISaBCbBCd2017-09-04fTESISl0oTesisp113647-10r2019-12-31 00:00:00w2019-12-31yTESISzRecien adquirido 00102local4053708TESISaBCbBCcPA_TESISd2017-09-04fTESISl0oTesisp113647-20r2019-12-31 00:00:00tc.2w2019-12-31yTESIS